Ser y conocer: objetivos fundamentales transversales en los sectores del currículum
Kaydedildi:
| Asıl Yazarlar: | , |
|---|---|
| Materyal Türü: | Kitap |
| Dil: | İspanyolca |
| Baskı/Yayın Bilgisi: |
Santiago
Ministerio de Educación
2000
|
| Seri Bilgileri: | Grupos Profesionales de Trabajo: Módulo Objetivos Transversales
|
| Konular: | |
| Etiketler: |
Etiketle
Etiket eklenmemiş, İlk siz ekleyin!
|
MARC
| LEADER | 00000nam a2200000 a 4500 | ||
|---|---|---|---|
| 001 | UCN7766 | ||
| 003 | CL-VaPUC | ||
| 008 | 011026e20000000CL |||||||||||||||||spa|d | ||
| 020 | |a 9567933324 | ||
| 082 | 0 | 4 | |a 373.19 |b MAG |2 21 |
| 100 | |a Magendzo K., Abraham |e autor |9 616737 | ||
| 700 | 0 | |a Dueñas S., Claudia |e author |9 463843 | |
| 245 | 1 | 0 | |a Ser y conocer: objetivos fundamentales transversales en los sectores del currículum |
| 300 | |a pág. irreg | ||
| 942 | |c BK | ||
| 945 | |d 20011026 00:00:00 |a cmena | ||
| 260 | |a Santiago |b Ministerio de Educación |c 2000 | ||
| 650 | 0 | |a Currículo |9 307290 | |
| 650 | 0 | |a Planificación del currículo |9 269599 | |
| 650 | 7 | |a OBJETIVOS TRANSVERSALES |2 CL-VaPUC |9 421562 | |
| 583 | |a last modification |c 20011026 00:00:00 |k Rodrigo Vera | ||
| 490 | 0 | |a Grupos Profesionales de Trabajo: Módulo Objetivos Transversales | |
| 999 | |c 297972 |d 297970 | ||
| 952 | |0 0 |1 0 |4 0 |6 373_190000000000000_MAG_2000 |7 0 |8 P |9 353059 |a BIBEDU |b BIBEDU |c BIBEDU_PB |d 2019-11-21 |i 3754464 |o 373.19 MAG 2000 |p 3754464 |r 2024-01-25 |w 2019-11-21 |y BK |k BME | ||
| 952 | |0 0 |1 0 |4 0 |6 373_190000000000000_MAG_2000 |7 0 |8 P |9 353061 |a BIBEDU |b BIBEDU |c BIBEDU_PB |d 2019-11-21 |i 4011619 |o 373.19 MAG 2000 |p 4011619 |r 2024-01-25 |w 2019-11-21 |y BK |k EBA | ||
| 952 | |0 0 |1 0 |4 0 |6 373_190000000000000_MAG_2000 |7 0 |8 P |9 353062 |a BIBEDU |b BIBEDU |c BIBEDU_PB |d 2019-11-21 |i 4188195 |o 373.19 MAG 2000 |p 4188195 |r 2024-01-25 |w 2019-11-21 |y BK |k EBA | ||
| 952 | |0 0 |1 0 |4 0 |6 373_190000000000000_MAG_2000 |7 0 |8 P |9 353063 |a BIBEDU |b BIBEDU |c BIBEDU_PB |d 2019-11-21 |i 4188209 |o 373.19 MAG 2000 |p 4188209 |r 2024-01-25 |w 2019-11-21 |y BK |k EBA | ||
| 952 | |0 0 |1 0 |4 0 |6 373_190000000000000_MAG_2000 |7 0 |8 P |9 353064 |a BIBEDU |b BIBEDU |c BIBEDU_PB |d 2019-11-21 |i 4188217 |o 373.19 MAG 2000 |p 4188217 |r 2024-01-25 |w 2019-11-21 |y BK |k EBA | ||
| 952 | |0 0 |1 0 |4 0 |6 373_190000000000000_MAG_2000 |7 0 |8 P |9 353065 |a BIBEDU |b BIBEDU |c BIBEDU_PB |d 2019-11-21 |i 4188225 |o 373.19 MAG 2000 |p 4188225 |r 2024-01-25 |w 2019-11-21 |y BK |k EBA | ||